Critical English for academic purposes : theory, politics, and practice

Αποθηκεύτηκε σε:
Λεπτομέρειες βιβλιογραφικής εγγραφής
Κύριος συγγραφέας: Benesch, Sarah
Μορφή: Βιβλίο
Γλώσσα:English
Δημοσίευση: Mahwah, NJ : Lawrence Erlbaum Associates, 2001
Θέματα:
Ετικέτες: Προσθήκη ετικέτας
Δεν υπάρχουν, Καταχωρήστε ετικέτα πρώτοι!

MARC

LEADER 00000cam a2200000 i 4500
001 1/36745
008 030614s2001 eng d
020 |a 0-8058-3434-6 
035 |l 10070124 
040 |a GR-MY-UA  |b gre  |e aacr 
041 0 |a eng 
082 0 |a 428.0071  |2 (21) 
100 1 |a Benesch, Sarah. 
245 1 0 |a Critical English for academic purposes :  |b theory, politics, and practice /  |c Sarah Benesch 
260 |a Mahwah, NJ :   |b Lawrence Erlbaum Associates,   |c 2001 
300 |a xxi, 161 σ.;  |c 23 εκ. 
504 |a Περιέχει βιβλιογραφία και ευρετήρια 
650 0 0 |a English language  |x Study and teaching (Higher)  |x Foreign speakers. 
650 0 0 |a English language  |x Rhetoric  |x Study and teaching. 
650 0 0 |a Critical thinking  |x Study and teaching. 
650 0 0 |a Academic writing  |x Study and teaching. 
852 |a INST  |b LESVOS  |e 20030614  |h 428.0071 BEN  |p 005100026918  |q 005100026918  |t BK  |y 0 
901 |a BIBL1-2003-2 
909 |a Λ  |b 104786 
922 |a 1ΕΛΗ  |b 200305  |c ΕΠΕΑΕΚ2/ΤΓ  |d ΠΑΠΑΣΩΤΗΡΙΟΥ & ΕΛΕΥΘΕΡΟΥΔΑΚΗΣ 
950 |a 118-2002-10-05 
970 |a ΧΡΙΣΤΟΦΑ  |b ΝΙΚΗ  |z 2003/07/17